| 000 | 01657nam a2200121Ia 4500 | ||
|---|---|---|---|
| 008 | 220620s9999||||xx |||||||||||||| ||und|| | ||
| 100 | _aNúñez, Félix||Rodriguez Jovita, Mar | ||
| 245 | 0 | _aNovel Approaches to Minimising Mycotoxin Contamination | |
| 546 | _aEnglish[eng] | ||
| 650 | _an/a||decontamination||superheated steam||quercetin glycosides||antagonism||mode of action||corn||Botrytis sp.||AITC||binding||degradation||brine shrimp bioassay||apple pomace||nanoparticles||enzymatic detoxification||Bacillus||estrogen response element||Fusarium||biological detoxification||abiotic factors||stability||fumonisin esterase FumD||mycotoxigenic fungi||Aspergillus flavus||Aflatoxin M1||Fusarium graminearum||milk||Penicillium digitatum||biocontrol agents||biological control||dry-cured ham||mycotoxin reduction||Fusarium sp.||enzyme kinetics||Penicillium nordicum||Satureja montana||roasted coffee||fermentation||crisp biscuit||detoxification||essential oils||gene expression||probiotics||zearalenone||mycotoxins||degradation products||Geothrichum citri-aurantii||garlic-derived extracts||Zearalenone||biodegradation||EU limits||storage||Origanum virens||aflatoxin||fungal growth reduction||green chemistry||Penicillium italicum||deoxynivalenol||?-Fe2O3||ochratoxin A (OTA)||wheat||cell-free extracts of Aspergillus oryzae||photocatalysis||wheat quality||post-harvest phytopathogen||cold plasma||pinnatifidanoside D||ochratoxin A||oats||cell proliferation||estrogen receptor||Penicillium verrucosum||pig production performance||phloridzin||maize||biotransformation||fumonisin||fungi | ||
| 856 | _uhttps://mdpi.com/books/pdfview/book/2303 | ||
| 942 | _cEB | ||
| 999 |
_c25266 _d25266 |
||